| 000 | 00626nam a2200193 a 4500 | ||
|---|---|---|---|
| 001 | 000042677 | ||
| 005 | 20201002040323.0 | ||
| 008 | 140204s1997 sp a 000 0 spa d | ||
| 020 | _a848837013X | ||
| 040 |
_aDO-SdBNP _bspa _cBNPHU |
||
| 082 |
_axxxxxx _bxxxxxx |
||
| 100 | 1 |
_aGarci, José Luis, _d1944- _969973 |
|
| 245 | 1 | 0 |
_aBeber de Cine / _cJosé Luis Garci ; prólogo Manuel Alcántara. |
| 250 | _a5a ed. | ||
| 260 |
_aMadrid, : _bNickel Odeon, _c1997. |
||
| 300 |
_a153 p. : _bil. ; _c22 cm. |
||
| 500 | _aIncluye datos biográficos del autor en la solapa de la cubierta | ||
| 700 | 1 |
_aAlcántara, Manuel, _epról. _969974 |
|
| 999 |
_c42166 _d42166 |
||